| 000 | 00701nam a2200205 a 4500 | ||
|---|---|---|---|
| 003 | MX-MxUPN | ||
| 005 | 20240830063850.0 | ||
| 008 | 240829s1952 ru a||||r|||| 000 0 spa d | ||
| 040 |
_aMX-MxUPN _bspa _cMX-MxUPN |
||
| 041 | 0 | _aspa | |
| 050 | 1 | 4 |
_aPG3476 P3 _bS648 |
| 100 | 1 |
_aPavlenko, Petr Andreevich, _d1899-1951 _953323 |
|
| 245 | 1 | 3 |
_aEl sol de la estepa : _brelato |
| 260 |
_aMoscú : _bEdiciones en Lenguas Extranjeras, _c1952. |
||
| 300 |
_a77 páginas : _bilustraciones |
||
| 490 | 0 | _aLiteratura soviética para niños | |
| 650 | 4 |
_aLiteratura infantil rusa _917353 |
|
| 710 | 2 |
_aInstituto Federal de Capacitación del Magisterio (México) _928505 _epropietario anterior |
|
| 942 |
_2lcc _cLIBRO |
||
| 999 |
_c211700 _d211700 |
||